00362nam a2200157Ia 4500001000500000005001700005008004100022041000800063082001700071100002700088245003600115260000900151300002800160650000800188654000800196239320260306144803.0260306t2017||||xx |||||||||||||| ||spa|| aESP a616.89bE396 aEzpeleta, LourdeseAUT 0aPsicopatología del desarrollo c2017 a611 páginas :c24 cm. aGEN aCPS